| 000 | 00706nam a2200253 a 4500 | ||
|---|---|---|---|
| 003 | AR-BaBNM | ||
| 005 | 20251128205303.0 | ||
| 008 | 082120s2002 ||||||||||||||000 | spa|| | ||
| 040 | _cAR-BaBNM | ||
| 245 | 0 | 0 | _aConstitución de la Provincia de San Juan |
| 260 |
_aBuenos Aires _bSainte Claire _c1991 |
||
| 300 | _a91 p. | ||
| 490 | 0 |
_aBiblioteca de constituciones argentinas _vv. 18 |
|
| 650 | 4 | _aCONSTITUCIONES | |
| 650 | 4 | _aDERECHO CONSTITUCIONAL | |
| 650 | 4 | _aESTADO | |
| 650 | 4 | _aSISTEMAS POLITICOS | |
| 650 | 4 | _aHISTORIA CONSTITUCIONAL | |
| 650 | 4 | _aHISTORIA SANJUANINA | |
| 650 | 4 | _aHISTORIA DEL DERECHO | |
| 650 | 4 | _aHISTORIA PROVINCIAL ARGENTINA | |
| 942 | _cBK | ||
| 998 | _cmariana | ||
| 999 |
_c10751 _d10751 |
||